000 00931nas a2200265 4500
001 BR8705190
003 BR-BrBNA
005 20231205090754.0
007 ta
008 230509b bl.|||p| |||| 00| 00por d
040 _aBR-BrBNA
_bpor
_cBiblioteca Nacional de Agricultura
041 _a(Pt)
072 _aH20
100 1 _aReis, E.M.
100 1 _aSantos, H.P.
100 1 _aMartinelli, J.A.
245 1 _aOcorrencia da mancha branca da folha (Pseudocercosporella capselae)em colza (Brassica napus)no Rio Grande do Sul
246 1 _aThe occurrence of a white leaf spot caused by Pseudocercosporella capselae on rapeseed (Brassica napus)in Rio Grande do Sul
650 _aCOLZA
650 _aMANCHA FOLIAR
650 _aRIO GRANDE DO SUL
773 0 _tFitopatologia Brasileira (Brazil)
_xISSN 0100-4150
_g(Oct 1986), v. 11(3) p. 731-732
_wBR8705190
909 _a202311
_bLúcia
_c55
_dLúcia Elande
942 _2AGRIS
_n0
_cANA
999 _c120752
_d120752